| 000 | 00451nam a2200133Ia 4500 | ||
|---|---|---|---|
| 008 | 170516s9999 xx 000 0 und d | ||
| 245 | _aPneumonia occurring after injection of Lipiodol to localize pulmonary nodules before fluoroscopy-aided thoracoscopic resection | ||
| 260 | _bActa Radiologica Open | ||
| 260 | _c2014 | ||
| 300 | _a3:1 | ||
| 650 | _xRadiologic Technology | ||
| 650 | _xRadtech | ||
| 856 | _uhttp://journals.sagepub.com/toc/arra/3/1 | ||
| 999 |
_c332719 _d332719 |
||